|
|
|
|
| LEADER |
00978cam a2200229 7i4500 |
| 001 |
0000066043 |
| 005 |
20240520090000.0 |
| 020 |
|
|
|a 9789672215102 (electronic book)
|
| 090 |
0 |
0 |
|a PJ6073
|b .M439 2018
|
| 100 |
0 |
|
|a Muhammad Nur Amin Shamsi Baharun
|
| 245 |
1 |
0 |
|a Al-manhaj al-dini al-mutakamil al-adab wa al-balaghah :
|b lil sanah al-khamisah
|c ta'lif Muhammad Nur Amin bin Shamsi Baharun, Nur Imani binti Muhammad Nor, Muhammad Hakim bin Muhammad.
|
| 264 |
|
|
|a Kajang, Selangor:
|b Aras Mega (M) Sdn. Bhd.,
|c 2018.
|
| 300 |
|
|
|a 1 online resource (134 pages):
|b colour illustrations, text file, PDF.
|
| 500 |
|
|
|a SPM textbook
|
| 650 |
|
0 |
|a Arabic language
|
| 655 |
|
0 |
|a Electronic books
|
| 700 |
1 |
|
|a Nur Imani Muhammad Nor
|
| 700 |
1 |
|
|a Muhammad Hakim Muhammad
|
| 856 |
4 |
2 |
|u http://library.unisel.edu.my/web/guest/mylibrary
|
| 997 |
|
|
|a Centre for Foundation and General Studies
|
| 998 |
|
|
|a Islamic Studies, Foundation
|
| 999 |
|
|
|a EBO0010725
|b EBOOK
|c EBOOK
|e Electronic resources
|